000 00341nam a2200145Ia 4500
008 230718s9999 xx 000 0 und d
041 _aEng.
082 _a558.83
_bCOW-I
100 _aCowley, Thon M
245 0 _aImage & Persmong The Low
260 _aPakistan
_bSeweet and Manuel
_c1953
300 _a923
650 _aLaw
999 _c26342
_d26342